Dorozumenie je možné Na kultúrnom fóre spoločný návrh 16 krajín

Bibliographic Details
Main Author: Vilček, Gejza 1930-2004 (Author)
Format: Article
Language:Slovak
Subjects:

MARC

LEADER 00000nab a2200000 a 4500
001 vtls000230525
003 SK-MaSNL
005 20260302213356.0
008 160202c1985 xo 0 slo
015 |a SNBRB19rr/mm-uuuuu 
035 |a CL0240639 
040 |a SNKBUCL  |b slo  |c SNKBUCL  |e AACR2 
041 0 |a slo 
044 |a xo  |c SK 
080 |a 008:394.912  |2 1981 
080 |a 394.912  |2 1981 
100 1 |a Vilček, Gejza  |d 1930-2004  |4 aut  |9 21093 
245 1 0 |a Dorozumenie je možné  |b Na kultúrnom fóre spoločný návrh 16 krajín  |c Gejza Vilček 
650 0 7 |a kultúra  |2 snkbucl  |9 886 
650 0 7 |a Európske kultúrne fórum 1985, Budapešť  |2 snkbucl  |9 933799 
655 7 |a články z novín a časopisov  |2 snkbucl  |9 267496 
773 0 |t Pravda  |g Roč. 66, č. 270 (15. 11. 1985), s. 7 
850 |a Slovenská národná knižnica v Martine  |a MTA001 
852 |a SNK  |b KIS3GCP 
958 |a RK 
958 |a HU 
992 |a RBX 
999 |c 1493339  |d 1495269